Idora / Alex Godard ; translated by Laura McKenna.
Available copies
- 1 of 1 copy available at LARL/NWRL Consortium.
Current holds
0 current holds with 1 total copy.
Show Only Available Copies
| Location | Call Number / Copy Notes | Barcode | Shelving Location | Status | Due Date |
|---|---|---|---|---|---|
| Thief River Falls Public Library | e GOD (Text) | 35500002830493 | Main | Available | - |
Record details
- ISBN: 0916291898
- Physical Description: p. cm.
- Edition: 1st American ed.
- Publisher: Brooklyn, N.Y. : Kane/Miller, 1999.
Content descriptions
| General Note: | "A Cranky Nell book." |
| Summary, etc.: | When the apartment building in which she lives is ... Read More |
Search for related items by subject
| Subject: | Giraffe > Fiction. Animals > Fiction. Loneliness > Fiction. |
| LDR | 01057nam a22003138a 4500 | ||
|---|---|---|---|
| 001 | 27846 | ||
| 003 | LARL_NWRL_CONSORTIUM | ||
| 005 | 19990224124554.4 | ||
| 008 | 990209s1999 nyu b 000 1 eng | ||
| 010 | . | ‡a99011855 | |
| 020 | . | ‡a0916291898 | |
| 035 | 0 | 0. | ‡ilcmarc/AXM-4023/NWRLTECH |
| 040 | . | ‡aDLC ‡cDLC ‡dDLC | |
| 041 | 1 | . | ‡aeng ‡hfre |
| 042 | . | ‡alcac | |
| 082 | 0 | 0. | ‡a[E] ‡221 |
| 092 | . | ‡ae GOD | |
| 100 | 1 | . | ‡aGodard, Alex. ‡0(LARL_NWRL_CONSORTIUM)145038 |
| 245 | 1 | 0. | ‡aIdora / ‡cAlex Godard ; translated by Laura McKenna. |
| 250 | . | ‡a1st American ed. | |
| 260 | . | ‡aBrooklyn, N.Y. : ‡bKane/Miller, ‡c1999. | |
| 300 | . | ‡ap. cm. | |
| 500 | . | ‡a"A Cranky Nell book." | |
| 520 | . | ‡aWhen the apartment building in which she lives is sold, Idora, a bored and lonely giraffe, decides to make a big change in her life. | |
| 650 | 1. | ‡aGiraffe ‡vFiction. | |
| 650 | 1. | ‡aAnimals ‡vFiction. ‡0(LARL_NWRL_CONSORTIUM)162060 | |
| 650 | 1. | ‡aLoneliness ‡vFiction. ‡0(LARL_NWRL_CONSORTIUM)165963 | |
| 901 | . | ‡a27846 ‡bISxN ‡c27846 ‡tbiblio | |

Add to basket
Permalink
Disable Highlighting